| 000 | 00571nam a2200193 4500 | ||
|---|---|---|---|
| 001 | sa 68016281 | ||
| 003 | DLC | ||
| 005 | 20260227112653.0 | ||
| 008 | 700625s1968 ii ac 00110beng | ||
| 010 | _asa 68016281 | ||
| 025 | _aPL480:I-E-10682 | ||
| 050 | 0 |
_aDS481.M57 _bM3 |
|
| 100 | 1 | 0 | _aMankekar, D. R. |
| 245 | 1 |
_aHomi Mody, a many splendoured life; _ba political biography, _cby D. R. Mankekar. |
|
| 260 | 0 |
_aBombay, _bPopular Prakashan _c[1968] |
|
| 300 |
_a255 p. _billus., ports. _c22 cm. |
||
| 350 | _a25.00 | ||
| 600 | 1 | 0 |
_aMody, Hormasji Peroshaw, _cSir, _d1881- |
| 999 |
_c86994 _d86994 |
||